000 00940cam a2200289 4500
999 _c128176
_d128176
001 372920
003 ARRUPE
005 20180914122331.0
008 720314s1971 enk b 001 0 eng
010 _a 77888638
015 _aB***
020 _a0902308852
040 _aDLC
_cDLC
_dDLC
041 1 _aengfre
050 0 0 _aB2798
_b.G612
082 0 0 _a193
100 1 _aGoldmann, Lucien.
_933196
245 0 0 _aImmanuel Kant.
_cLucien Goldmann
260 _aLondon
_bVerso
_c2011
300 _a236 p.
_c20 cm.
350 _a£2.90
440 _aRadical Thinkers
_916998
500 _aTranslated by Robert Black from Introduction á la philosophie de Kant, a rev. enl. ed. of the author's Mensch, Gemeinschaft und Welt in der Philosophie.
504 _aIncludes bibliographical references.
600 1 0 _aKant, Immanuel,
_d1724-1804.
_942222
906 _a7
_bcbc
_corignew
_d3
_encip
_f19
_gy-gencatlg
942 _2lcc
_cMONOGRAPH